000 01723cam a22004934i 4500
003 PE-LiUPU
005 20250731173053.0
008 180308s2016 xxu0 rb 001 0 eng d
020 _a9789004325043
035 _a(Sirsi) a241459
040 _aPE-LiUPU
_bspa
_cPE-LiUPU
_erda
049 _aPRUA
082 0 4 _a270.820982
_bH21
_223
100 1 _aAasmundsen, Hans Geir,
_eautor.
245 1 0 _aPentecostals, politics, and religious equality in Argentina /
_cHans Geir Aasmundsen.
264 1 _aBoston :
_bBrill,
_c2016.
300 _aVIII, 213 páginas ;
_c25 centímetros.
336 _atext
_2rdacontent
337 _aunmediated
_2rdamedia
338 _avolume
_2rdacarrier
490 0 _aReligion in the Americas series ;
_v17
504 _aBibliografía : páginas 199-212.
504 _aIndice : páginas 213.
505 0 _aHistorical background -- Theoretical framework -- From negative to positive dualism -- The struggle for religious freedom and equality -- Pentecostalism and politics -- Conclusions and final remarks.
526 _aSEG42
526 _aSEG41
526 _aSEG40
526 _aSEG39
526 _aP94
526 _aP87
526 _aP86
526 _aP85
526 _aP77
526 _aP76
526 _aP35
650 0 4 _aPentecostalism.
650 0 4 _aPentecostalismo.
910 _adbm
_bksl
_cksl
_d20180308
942 _2ddc
_cBOOK
994 _aC0
_bPEPRU
596 _a1
999 _a270.820982 H21
_wLC
_c27085
_i78142
_f2021-11-11
_g4
_lCCODEBUL1
_mBUL
_p32.00
_r0
_sY
_tBOOK
_u2018-3-8
_xTEOLOGIA
_PP35
_0DONACION
_1FCOMPRA
_o.STAFF. Colección Teología
_d27085
980 _81
_gALBERTO SANCHEZ Responsable de Automatización